000 01103naa a22002657a 4500
001 BR7802954
003 BR-BrBNA
005 20240918174101.0
007 ta
008 230509b bl.||||| |||| 00| 0 por d
040 _aBR-BrBNA
_bpor
_cBiblioteca Nacional de Agricultura
041 _a(Pt)
072 _aH10
_b0430
_b4020
_bG514
090 _aH10 BR7802954
100 1 _aVieira, F.V.
245 1 _aInformacoes preliminares sobre flutuacao de populacoes do Oxycarenus hyalinipennis (Costa, 1847)(Hemiptera-Lygaeidae)no algodoeiro moco, Gossypium hirsutum Marie-Galante, no Ceara [percevejo, Brasil]
260 3 _aFortaleza, CE (Brasil):
_c1977.
500 _aConvenio SUDENE/UFC. Projeto de Pesquisa e Experimentacao com a cultura algodoeira Fortaleza, CE (Brasil): 1977. p. 27-28 (BR7802954-AM)H10
650 _aALGODAO MOCO
650 _aPERCEVEJO
650 _aCEARA
773 0 _tConvenio SUDENE/UFC. Projeto de Pesquisa e Experimentacao com a cultura algodoeira
_b
_wH10 BR7802954
_gFortaleza, CE (Brasil), 1977. p. 27-28
909 _a202404
_bLucia
_c55
_dLucia Elande
942 _cAM
_2AGRIS
999 _c308804
_d308804